| 000 | 00697nam a2200193 i 4500 | ||
|---|---|---|---|
| 001 | 39398 | ||
| 003 | ES-MaACL | ||
| 005 | 20250901210453.0 | ||
| 007 | t| | ||
| 008 | 030303s1971 sp |||| | spa d | ||
| 110 | 2 |
_aCámara Oficial de Comercio e Industria de Palencia _92384 |
|
| 245 | 1 | 0 |
_aCatálogo de comerciantes e industriales _b: año 1969-1970 / _cCámara Oficial de Comercio e Industria de Palencia. |
| 260 |
_a[Palencia : _bV. G. Diario Día, _c1971] |
||
| 300 |
_a421 p. ; _c21 cm. |
||
| 650 | 4 |
_aComercio- _zPalencia (Provincia)- _vDirectorios. _9169736 |
|
| 650 | 4 |
_aIndustria- _zPalencia (Provincia)- _vDirectorios. _9169737 |
|
| 852 |
_aES-MaACL _jC-47269 |
||
| 999 |
_c39398 _d39398 |
||